000 00836nam a2200241Ia 4500
003 OSt
005 20221005113237.0
006 a|||||r|||| 00| 0
007 ta
008 221004b |||||||| |||| 00| 0 pan d
020 _a9788190486330 (hbk)
_c250
024 _a95260
037 _b217, 01/01/2009, H.K. Prakashan
_cTextual
040 _aCRL
_cCRL
_bpan
041 _2pan
_apan
082 _aY73(P153):351, 153P8
100 _aਸੈ੍ਵਭੀ, ਰਣਜੀਤ ਸਿੱਘ
245 0 _aਗੀਤ ਮੁਟਿਆਰਾਂ ਦੇ
260 _aਪਟਿਆਲਾ
_bਗ੍ਰੇੀਅਸ ਭਾਰਤ
_c2008
300 _a105ਪੰ
_ccm.
942 _hY73(P153):351, 153P8
_cTEXL
_2cc
999 _c1027525
_d1027525